书目信息 |
| 题名: |
康德的智慧
|
|
| 作者: | 康德 原典 ;曾纪军 , 刘烨 编译 | |
| 分册: | ||
| 出版信息: | 北京 中国电影出版社 2007 |
|
| 页数: | 226页 | |
| 开本: | 24cm | |
| 丛书名: | “读书堂”西方大家智慧速读文库 | |
| 单 册: | ||
| 中图分类: | B516.31 | |
| 科图分类: | ||
| 主题词: | ||
| 电子资源: | ||
| ISBN: | 978-7-106-02789-6 | |
| 000 | 01239nam 2200289 450 | |
| 001 | 003637425 | |
| 005 | 20081008114538.79 | |
| 010 | @a978-7-106-02789-6@dCNY28.00 | |
| 100 | @a20070712d2007 em y0chiy0110 ea | |
| 101 | 1 | @achi@cger |
| 102 | @aCN@b110000 | |
| 105 | @aa z 000yy | |
| 200 | 1 | @a康德的智慧@Akang de de zhi hui@d= The wisdom of Immanuel Kant@e康德批判哲学解读@f(德) 康德(Immanuel Kant)原典@g曾纪军, 刘烨编译@zeng |
| 210 | @a北京@c中国电影出版社@d2007 | |
| 215 | @a226页@c图@d24cm | |
| 225 | 2 | @a“读书堂”西方大家智慧速读文库@A“dU shu tang”xi fang da jia zhi hui su dU wen ku@v008 |
| 330 | @a本书包含有批判哲学、美学、伦理学等内容,力求将康德最具影响力的作品展示给读者,包括纯粹理性批判、康德的认识论、审美与目的论、康德的伦理学四部分。 | |
| 410 | 0 | @12001 @a“读书堂”西方大家智慧速读文库@v008 |
| 510 | 1 | @aWisdom of Immanuel Kant@zeng |
| 517 | 1 | @a康德批判哲学解读@Akang de pi pan zhe xue jie dU |
| 600 | 0 | @a康德@Akang de@bI.@g(Kant, Immanuel)@f(1724-1804)@x哲学思想@x思想评论 |
| 690 | @aB516.31@v4 | |
| 701 | 1 | @c(德)@a康德@Akang de@bI.@g(Kant, Immanuel)@f(1724-1804)@4原典 |
| 702 | 0 | @a曾纪军@Azeng ji jun@4编译 |
| 702 | 0 | @a刘烨@Aliu ye@4编译 |
| 801 | 0 | @aCN@c20081008 |
| 905 | @dB516.31@eK230 | |
| 康德的智慧= The wisdom of Immanuel Kant:康德批判哲学解读/(德) 康德(Immanuel Kant)原典/曾纪军, 刘烨编译.-北京:中国电影出版社,2007 |
| 226页:图;24cm.-(“读书堂”西方大家智慧速读文库;008) |
| ISBN 978-7-106-02789-6:CNY28.00 |
| 本书包含有批判哲学、美学、伦理学等内容,力求将康德最具影响力的作品展示给读者,包括纯粹理性批判、康德的认识论、审美与目的论、康德的伦理学四部分。 |
| ● |
| 相关链接 |
|
|
|
正题名:康德的智慧
索取号:B516.31/K230
 
预约/预借
| 序号 | 登录号 | 条形码 | 馆藏地/架位号 | 状态 | 备注 |
| 1 | 841185 | 208411850 | 社科库509/509社科库 17排2列5层/ [索取号:B516.31/K230] | 在馆 | |
| 2 | 841186 | 208411869 | 社科库509/509社科库 17排2列5层/ [索取号:B516.31/K230] | 在馆 | |
| 3 | 841187 | 208411878 | 社科库509/509社科库 17排2列5层/ [索取号:B516.31/K230] | 在馆 |